000 00734nam a2200205 a 4500
001 2920
003 BD-RjUL
005 20211208233637.0
008 161229s1957 pk a 000 0 eng
035 _a(BD-RjUL)2948
040 _aDLC
_cViU
_dViU
_dOCoLC
_dDLC
_dBD-RjUL
_beng
041 _aeng
082 0 4 _223
_a343.052
_bNAG 1957
100 1 _aNaqvi, S. M. Raza.
_99345
245 1 2 _aA guide to income-tax law :
_bcontaining exhaustive notes with illustrations on provisions of the income-tax law and the rules as amended upto 30-4-63 and other useful information /
_cS. M. RAZA NAQVI.
260 _aLahore :
_bTaxation,
_c1957
300 _aVarious pages :
_bill. ;
_c24 cm.
650 0 _aIncome tax Law
_zPakistan.
_99346
942 _2ddc
_cBK
999 _c2920
_d2920